[Event "Team Championship Russia (Blitz, Men)"]
[Site "Sochi"]
[Date "2018.10.10"]
[Round "13.28"]
[White "Kryakvin, Dmitry"]
[Black "Ivanova, Karina"]
[Result "1-0"]
[BlackElo "2092"]
[WhiteElo "2468"]
[LiveChessVersion "1.4.8"]

1. d4 {[%clk 0:03:02]} Nf6 {[%clk 0:03:00]} 2. Bg5 {[%clk 0:03:03]} e6
{[%clk 0:02:59]} 3. e4 {[%clk 0:03:04]} h6 {[%clk 0:03:00]} 4. Bxf6
{[%clk 0:03:05]} Qxf6 {[%clk 0:03:01]} 5. c3 {[%clk 0:03:06]} d5 {[%clk 0:03:01]}
6. Bd3 {[%clk 0:03:07]} dxe4 {[%clk 0:02:53]} 7. Bxe4 {[%clk 0:03:07]} Nd7
{[%clk 0:02:48]} 8. Nf3 {[%clk 0:03:07]} Qd8 {[%clk 0:02:47]} 9. O-O
{[%clk 0:02:55]} Nf6 {[%clk 0:02:47]} 10. Bd3 {[%clk 0:02:56]} Bd6
{[%clk 0:02:41]} 11. Nbd2 {[%clk 0:02:56]} O-O {[%clk 0:02:40]} 12. Ne4
{[%clk 0:02:56]} Be7 {[%clk 0:02:32]} 13. Qe2 {[%clk 0:02:57]} Rb8
{[%clk 0:02:16]} 14. Rad1 {[%clk 0:02:53]} b6 {[%clk 0:02:16]} 15. Ne5
{[%clk 0:02:26]} Bb7 {[%clk 0:01:31]} 16. Rfe1 {[%clk 0:02:27]} Bd6
{[%clk 0:00:42]} 17. f4 {[%clk 0:02:17]} Nxe4 {[%clk 0:00:33]} 18. Bxe4
{[%clk 0:02:17]} Bxe4 {[%clk 0:00:32]} 19. Qxe4 {[%clk 0:02:18]} Bxe5
{[%clk 0:00:30]} 20. fxe5 {[%clk 0:02:13]} Qe7 {[%clk 0:00:24]} 21. Re3
{[%clk 0:02:06]} c5 {[%clk 0:00:23]} 22. Red3 {[%clk 0:02:03]} cxd4
{[%clk 0:00:17]} 23. Rxd4 {[%clk 0:02:00]} Rfd8 {[%clk 0:00:16]} 24. h3
{[%clk 0:02:00]} Rbc8 {[%clk 0:00:11]} 25. Kh2 {[%clk 0:01:59]} g6
{[%clk 0:00:11]} 26. Qf4 {[%clk 0:01:56]} Rxd4 {[%clk 0:00:09]} 27. Qxd4
{[%clk 0:01:45]} Qc5 {[%clk 0:00:08]} 28. Kg3 {[%clk 0:01:37]} Qxd4
{[%clk 0:00:09]} 29. Rxd4 {[%clk 0:01:39]} Rc7 {[%clk 0:00:10]} 30. Kf4
{[%clk 0:01:36]} Kf8 {[%clk 0:00:11]} 31. c4 {[%clk 0:01:33]} Ke7
{[%clk 0:00:12]} 32. Ke4 {[%clk 0:01:31]} f5+ {[%clk 0:00:11]} 33. exf6+
{[%clk 0:01:30]} Kxf6 {[%clk 0:00:12]} 34. b3 {[%clk 0:01:31]} h5
{[%clk 0:00:11]} 35. h4 {[%clk 0:01:29]} g5 {[%clk 0:00:11]} 36. hxg5+
{[%clk 0:01:30]} Kxg5 {[%clk 0:00:12]} 37. Ke5 {[%clk 0:01:31]} Re7
{[%clk 0:00:11]} 38. g3 {[%clk 0:01:14]} Kg6 {[%clk 0:00:09]} 39. Kd6
{[%clk 0:01:07]} Rf7 {[%clk 0:00:08]} 40. Rd3 {[%clk 0:00:58]} Rf2
{[%clk 0:00:09]} 41. a4 {[%clk 0:00:59]} Re2 {[%clk 0:00:09]} 42. Kc6
{[%clk 0:00:57]} Kg5 {[%clk 0:00:09]} 43. Kb7 {[%clk 0:00:58]} Kg4
{[%clk 0:00:10]} 44. Kxa7 {[%clk 0:00:59]} Rf2 {[%clk 0:00:11]} 45. Kxb6
{[%clk 0:00:57]} Rf3 {[%clk 0:00:12]} 46. Rxf3 {[%clk 0:00:56]} Kxf3
{[%clk 0:00:13]} 47. a5 {[%clk 0:00:57]} Kxg3 {[%clk 0:00:13]} 48. a6
{[%clk 0:00:59]} 1-0

[Event "Team Championship Russia (Blitz, Men)"]
[Site "Sochi"]
[Date "2018.10.10"]
[Round "13.29"]
[White "Garifullina, Leya"]
[Black "Chigaev, Maksim"]
[Result "1-0"]
[BlackElo "2616"]
[WhiteElo "1962"]
[LiveChessVersion "1.4.8"]

1. e4 {[%clk 0:03:02]} g6 {[%clk 0:03:03]} 2. d4 {[%clk 0:03:03]} Bg7
{[%clk 0:03:04]} 3. Nc3 {[%clk 0:03:04]} d5 {[%clk 0:03:05]} 4. exd5
{[%clk 0:02:57]} Nf6 {[%clk 0:03:06]} 5. Nf3 {[%clk 0:02:54]} O-O
{[%clk 0:03:01]} 6. Bc4 {[%clk 0:02:50]} Nbd7 {[%clk 0:03:02]} 7. Bb3
{[%clk 0:02:48]} Nb6 {[%clk 0:03:03]} 8. O-O {[%clk 0:02:47]} Nbxd5
{[%clk 0:03:04]} 9. Nxd5 {[%clk 0:02:47]} Nxd5 {[%clk 0:03:04]} 10. c4
{[%clk 0:02:48]} Nf6 {[%clk 0:03:02]} 11. h3 {[%clk 0:02:48]} b6 {[%clk 0:02:33]}
12. d5 {[%clk 0:02:35]} e6 {[%clk 0:02:21]} 13. Bg5 {[%clk 0:01:50]} exd5
{[%clk 0:02:20]} 14. cxd5 {[%clk 0:01:51]} Qd6 {[%clk 0:02:08]} 15. Qd4
{[%clk 0:01:33]} Nd7 {[%clk 0:01:22]} 16. Qh4 {[%clk 0:01:22]} Re8
{[%clk 0:01:00]} 17. Bf4 {[%clk 0:01:17]} Qf6 {[%clk 0:00:41]} 18. Qxf6
{[%clk 0:01:09]} Bxf6 {[%clk 0:00:42]} 19. Bxc7 {[%clk 0:00:57]} Ba6
{[%clk 0:00:31]} 20. Rfe1 {[%clk 0:00:56]} Bxb2 {[%clk 0:00:30]} 21. Rab1
{[%clk 0:00:53]} Rxe1+ {[%clk 0:00:24]} 22. Rxe1 {[%clk 0:00:54]} Nc5
{[%clk 0:00:17]} 23. d6 {[%clk 0:00:51]} Bb5 {[%clk 0:00:09]} 24. Bd5
{[%clk 0:00:52]} Re8 {[%clk 0:00:10]} 25. Rb1 {[%clk 0:00:49]} Nd3
{[%clk 0:00:04]} 26. Ng5 {[%clk 0:00:47]} Re5 {[%clk 0:00:06]} 27. Ne4
{[%clk 0:00:38]} Rxd5 {[%clk 0:00:04]} 28. Rxb2 {[%clk 0:00:38]} Nxb2
{[%clk 0:00:05]} 29. Nf6+ {[%clk 0:00:39]} Kf8 {[%clk 0:00:05]} 30. Nxd5
{[%clk 0:00:40]} Ke8 {[%clk 0:00:05]} 31. Nf6+ {[%clk 0:00:41]} Kf8
{[%clk 0:00:06]} 32. d7 {[%clk 0:00:43]} Bxd7 33. Nxd7+ {[%clk 0:00:44]} Ke7
{[%clk 0:00:06]} 34. Ne5 {[%clk 0:00:44]} Ke6 {[%clk 0:00:04]} 35. f4
{[%clk 0:00:45]} Na4 {[%clk 0:00:05]} 36. Kf2 {[%clk 0:00:41]} Nc3
{[%clk 0:00:06]} 37. Bb8 {[%clk 0:00:35]} a6 {[%clk 0:00:07]} 38. a3
{[%clk 0:00:34]} b5 {[%clk 0:00:06]} 39. Ba7 {[%clk 0:00:34]} Nd5
{[%clk 0:00:05]} 40. Kf3 {[%clk 0:00:34]} h5 {[%clk 0:00:04]} 41. Bc5
{[%clk 0:00:36]} g5 {[%clk 0:00:04]} 42. Nd3 {[%clk 0:00:34]} f6 {[%clk 0:00:05]}
43. g4 {[%clk 0:00:35]} hxg4+ {[%clk 0:00:06]} 44. hxg4 {[%clk 0:00:35]} Nc3
{[%clk 0:00:04]} 45. Bb4 {[%clk 0:00:35]} Nd5 {[%clk 0:00:04]} 46. fxg5 fxg5
{[%clk 0:00:05]} 47. Nc5+ {[%clk 0:00:37]} Ke5 {[%clk 0:00:06]} 48. Nxa6
{[%clk 0:00:37]} Kd4 {[%clk 0:00:07]} 49. Bf8 {[%clk 0:00:35]} Kc4
{[%clk 0:00:07]} 50. Ke4 {[%clk 0:00:35]} Nf6+ {[%clk 0:00:04]} 51. Kf5
{[%clk 0:00:36]} Nd7 {[%clk 0:00:05]} 52. Be7 {[%clk 0:00:35]} Kd5
{[%clk 0:00:04]} 53. Kxg5 Ne5 54. Kf5 {[%clk 0:00:36]} Nc6 {[%clk 0:00:06]} 55.
Bf8 {[%clk 0:00:36]} Nd4+ {[%clk 0:00:07]} 56. Ke4+ 1-0

[Event "Team Championship Russia (Blitz, Men)"]
[Site "Sochi"]
[Date "2018.10.10"]
[Round "14.11"]
[White "Malakhov, Vladimir"]
[Black "Okun, Evgeny"]
[Result "1-0"]
[BlackElo "2197"]
[WhiteElo "2630"]
[LiveChessVersion "1.4.8"]

1. Nf3 {[%clk 0:03:03]} g6 {[%clk 0:03:03]} 2. e4 {[%clk 0:03:04]} c5
{[%clk 0:03:03]} 3. d4 {[%clk 0:03:04]} cxd4 {[%clk 0:03:04]} 4. Nxd4
{[%clk 0:03:04]} Nc6 {[%clk 0:03:04]} 5. c4 {[%clk 0:03:04]} d6 {[%clk 0:03:01]}
6. Nc3 {[%clk 0:03:04]} Nf6 {[%clk 0:03:01]} 7. Be2 {[%clk 0:03:03]} Nxd4
{[%clk 0:03:01]} 8. Qxd4 {[%clk 0:03:04]} Bg7 {[%clk 0:03:02]} 9. Be3
{[%clk 0:02:55]} O-O {[%clk 0:03:02]} 10. Qd2 {[%clk 0:02:56]} Bd7
{[%clk 0:02:54]} 11. O-O {[%clk 0:02:45]} a5 {[%clk 0:02:55]} 12. f3
{[%clk 0:02:42]} a4 {[%clk 0:02:55]} 13. Rac1 {[%clk 0:02:39]} Bc6
{[%clk 0:02:39]} 14. Rfd1 {[%clk 0:02:39]} Qa5 {[%clk 0:02:40]} 15. Nd5
{[%clk 0:02:25]} Bxd5 {[%clk 0:02:25]} 16. Qxa5 {[%clk 0:02:21]} Rxa5
{[%clk 0:02:25]} 17. cxd5 {[%clk 0:02:22]} Nd7 {[%clk 0:02:04]} 18. Rc7
{[%clk 0:02:07]} Nc5 {[%clk 0:02:02]} 19. Rd2 {[%clk 0:01:55]} Bf6
{[%clk 0:01:51]} 20. g4 {[%clk 0:01:55]} g5 {[%clk 0:01:46]} 21. e5
{[%clk 0:01:36]} Bxe5 {[%clk 0:01:39]} 22. Bxg5 {[%clk 0:01:36]} Bf6
{[%clk 0:01:11]} 23. Be3 {[%clk 0:01:24]} e6 {[%clk 0:00:55]} 24. dxe6 fxe6
{[%clk 0:00:42]} 25. Rxd6 {[%clk 0:01:08]} Be5 {[%clk 0:00:25]} 26. Rxc5
{[%clk 0:01:09]} Rxc5 {[%clk 0:00:24]} 27. Bxc5 {[%clk 0:01:10]} Bxd6
{[%clk 0:00:25]} 28. Bxd6 {[%clk 0:01:11]} Rd8 {[%clk 0:00:26]} 29. Be5
{[%clk 0:01:12]} Rd5 {[%clk 0:00:19]} 30. Bc3 {[%clk 0:01:11]} Rc5
{[%clk 0:00:13]} 31. a3 {[%clk 0:01:12]} Kf7 {[%clk 0:00:11]} 32. Kf2
{[%clk 0:01:13]} h5 {[%clk 0:00:10]} 33. Kg3 {[%clk 0:01:04]} hxg4
{[%clk 0:00:10]} 34. fxg4 {[%clk 0:01:04]} e5 {[%clk 0:00:07]} 35. h4
{[%clk 0:01:04]} Ke6 {[%clk 0:00:05]} 36. Bd3 {[%clk 0:01:02]} Kd5
{[%clk 0:00:04]} 37. Kf3 {[%clk 0:01:03]} Rc8 {[%clk 0:00:05]} 38. Be4+
{[%clk 0:01:03]} Kc4 {[%clk 0:00:05]} 39. Bxe5 {[%clk 0:01:03]} Rf8+
{[%clk 0:00:05]} 40. Bf5 {[%clk 0:01:04]} Kd5 41. Ke4+ 1-0

[Event "Team Championship Russia (Blitz, Men)"]
[Site "Sochi"]
[Date "2018.10.10"]
[Round "14.16"]
[White "Dudin, Gleb"]
[Black "Gutenev, Alexander"]
[Result "0-1"]
[BlackElo "2440"]
[WhiteElo "2079"]
[LiveChessVersion "1.4.8"]

1. d4 {[%clk 0:03:03]} Nf6 {[%clk 0:03:03]} 2. c4 g6 3. Nf3 {[%clk 0:03:04]} Bg7
{[%clk 0:03:06]} 4. e3 {[%clk 0:03:05]} O-O {[%clk 0:02:58]} 5. Be2
{[%clk 0:03:06]} d5 {[%clk 0:03:00]} 6. cxd5 {[%clk 0:03:06]} Nxd5
{[%clk 0:03:00]} 7. e4 {[%clk 0:03:07]} Nb6 {[%clk 0:02:47]} 8. Nc3
{[%clk 0:03:09]} Bg4 {[%clk 0:02:41]} 9. Be3 {[%clk 0:03:04]} Nc6
{[%clk 0:02:36]} 10. d5 Bxf3 11. gxf3 {[%clk 0:02:03]} Ne5 {[%clk 0:02:37]} 12.
Qb3 {[%clk 0:01:33]} c6 {[%clk 0:02:19]} 13. O-O-O {[%clk 0:01:28]} cxd5
{[%clk 0:02:13]} 14. Nxd5 {[%clk 0:01:23]} Nxd5 {[%clk 0:02:09]} 15. Rxd5
{[%clk 0:01:22]} Qc8+ {[%clk 0:02:09]} 16. Kb1 {[%clk 0:01:03]} Qh3
{[%clk 0:02:08]} 17. Bd4 {[%clk 0:00:45]} Nd7 {[%clk 0:01:08]} 18. Bxg7
{[%clk 0:00:31]} Kxg7 {[%clk 0:01:09]} 19. Rg5 {[%clk 0:00:11]} Qh4
{[%clk 0:00:56]} 20. Rg3 {[%clk 0:00:09]} Qf6 {[%clk 0:00:54]} 21. Rd1
{[%clk 0:00:06]} Nc5 {[%clk 0:00:52]} 22. Qe3 {[%clk 0:00:05]} Rac8
{[%clk 0:00:48]} 23. f4 {[%clk 0:00:04]} Qc6 {[%clk 0:00:37]} 24. e5
{[%clk 0:00:04]} Na4 {[%clk 0:00:34]} 25. Qb3 {[%clk 0:00:04]} Rfd8
{[%clk 0:00:31]} 26. Rgd3 {[%clk 0:00:04]} Nc5 {[%clk 0:00:30]} 27. Qc3
{[%clk 0:00:03]} Nxd3 {[%clk 0:00:28]} 28. Qxc6 {[%clk 0:00:04]} Rxc6
{[%clk 0:00:28]} 29. Bxd3 {[%clk 0:00:05]} Rd4 {[%clk 0:00:29]} 30. f5
{[%clk 0:00:04]} gxf5 {[%clk 0:00:28]} 31. Rg1+ {[%clk 0:00:04]} Rg6
{[%clk 0:00:29]} 32. Rd1 {[%clk 0:00:05]} Rg2 {[%clk 0:00:28]} 33. Kc2
{[%clk 0:00:07]} Rxf2+ {[%clk 0:00:23]} 34. Kc3 {[%clk 0:00:08]} Rd5
{[%clk 0:00:22]} 35. Rg1+ {[%clk 0:00:08]} Kf8 {[%clk 0:00:23]} 36. e6
{[%clk 0:00:06]} Rf3 {[%clk 0:00:19]} 37. Rd1 {[%clk 0:00:05]} fxe6
{[%clk 0:00:20]} 38. Kc4 {[%clk 0:00:06]} Rdxd3 {[%clk 0:00:21]} 39. Kd4
{[%clk 0:00:05]} 0-1

[Event "Team Championship Russia (Blitz, Men)"]
[Site "Sochi"]
[Date "2018.10.10"]
[Round "14.32"]
[White "Pingin, Artem"]
[Black "Kozionov, Kirill"]
[Result "0-1"]
[BlackElo "2442"]
[WhiteElo "1761"]
[LiveChessVersion "1.4.8"]

1. e4 {[%clk 0:03:03]} c5 {[%clk 0:03:03]} 2. Nf3 d6 3. d4 {[%clk 0:03:05]} cxd4
{[%clk 0:03:06]} 4. Nxd4 {[%clk 0:03:07]} Nf6 {[%clk 0:03:07]} 5. Nc3
{[%clk 0:03:08]} a6 {[%clk 0:03:05]} 6. h3 {[%clk 0:03:09]} g6 {[%clk 0:03:04]}
7. g4 {[%clk 0:03:09]} Bg7 {[%clk 0:03:03]} 8. Bg2 {[%clk 0:03:07]} O-O
{[%clk 0:03:03]} 9. Be3 {[%clk 0:03:08]} Bd7 {[%clk 0:03:00]} 10. Qd2
{[%clk 0:03:07]} Nc6 {[%clk 0:03:01]} 11. O-O-O {[%clk 0:03:05]} Rc8
{[%clk 0:02:57]} 12. Kb1 {[%clk 0:02:59]} Ne5 {[%clk 0:02:56]} 13. b3
{[%clk 0:03:00]} Nc6 {[%clk 0:02:15]} 14. g5 {[%clk 0:02:47]} Nh5
{[%clk 0:02:07]} 15. Bf3 {[%clk 0:02:46]} Nxd4 {[%clk 0:01:14]} 16. Bxd4
{[%clk 0:02:47]} Bxd4 {[%clk 0:01:09]} 17. Qxd4 {[%clk 0:02:47]} Ng7
{[%clk 0:01:05]} 18. Qd2 {[%clk 0:02:42]} Re8 {[%clk 0:00:55]} 19. h4
{[%clk 0:02:42]} Qa5 {[%clk 0:00:55]} 20. Nd5 {[%clk 0:02:36]} Qxd2
{[%clk 0:00:54]} 21. Rxd2 {[%clk 0:02:37]} Bc6 {[%clk 0:00:48]} 22. Bg4
{[%clk 0:02:35]} Ne6 {[%clk 0:00:44]} 23. f4 {[%clk 0:02:21]} Rcd8
{[%clk 0:00:36]} 24. f5 {[%clk 0:02:20]} Nc5 {[%clk 0:00:32]} 25. Re1
{[%clk 0:02:14]} Nd7 {[%clk 0:00:18]} 26. fxg6 {[%clk 0:01:27]} hxg6
{[%clk 0:00:16]} 27. Bxd7 {[%clk 0:01:20]} Rxd7 {[%clk 0:00:12]} 28. h5
{[%clk 0:01:15]} gxh5 {[%clk 0:00:09]} 29. Rh1 {[%clk 0:01:13]} Kg7
{[%clk 0:00:07]} 30. Rxh5 {[%clk 0:01:14]} Rh8 {[%clk 0:00:07]} 31. Rxh8
{[%clk 0:01:15]} Kxh8 {[%clk 0:00:08]} 32. c4 {[%clk 0:01:03]} Kg7
{[%clk 0:00:09]} 33. Rf2 {[%clk 0:00:54]} e6 {[%clk 0:00:06]} 34. Nf6
{[%clk 0:00:54]} Rd8 {[%clk 0:00:07]} 35. Kc2 {[%clk 0:00:54]} Rh8
{[%clk 0:00:08]} 36. Kd3 {[%clk 0:00:51]} Rh3+ {[%clk 0:00:08]} 37. Kd2
{[%clk 0:00:49]} Rh4 {[%clk 0:00:06]} 38. Ke3 {[%clk 0:00:45]} Rh3+
{[%clk 0:00:05]} 39. Kd2 {[%clk 0:00:46]} Kg6 {[%clk 0:00:06]} 40. Rg2
{[%clk 0:00:42]} Rh1 {[%clk 0:00:06]} 41. Kc2 {[%clk 0:00:26]} Rf1
{[%clk 0:00:05]} 42. Kd2 {[%clk 0:00:23]} Rh1 {[%clk 0:00:05]} 43. Kc2
{[%clk 0:00:21]} a5 {[%clk 0:00:06]} 44. Kd2 {[%clk 0:00:21]} Rh3
{[%clk 0:00:07]} 45. Kc2 {[%clk 0:00:15]} a4 {[%clk 0:00:06]} 46. Kb2
{[%clk 0:00:08]} Rh4 {[%clk 0:00:05]} 47. Ng8 {[%clk 0:00:06]} Bxe4
{[%clk 0:00:04]} 48. Ne7+ {[%clk 0:00:07]} Kg7 {[%clk 0:00:05]} 49. Rg1
{[%clk 0:00:08]} axb3 {[%clk 0:00:05]} 50. axb3 {[%clk 0:00:09]} Kf8
{[%clk 0:00:04]} 51. Nc8 {[%clk 0:00:10]} Rh2+ {[%clk 0:00:04]} 52. Ka3
{[%clk 0:00:11]} Rd2 {[%clk 0:00:05]} 53. Nb6 {[%clk 0:00:11]} Bc6
{[%clk 0:00:05]} 54. g6 {[%clk 0:00:09]} Kg7 {[%clk 0:00:05]} 55. gxf7+
{[%clk 0:00:08]} Kxf7 {[%clk 0:00:06]} 56. Kb4 {[%clk 0:00:09]} Rf2
{[%clk 0:00:05]} 57. Nc8 {[%clk 0:00:08]} d5 {[%clk 0:00:04]} 58. cxd5
{[%clk 0:00:07]} Bxd5 {[%clk 0:00:05]} 59. Nd6+ {[%clk 0:00:07]} Ke7
{[%clk 0:00:06]} 60. Nc4 {[%clk 0:00:08]} Rf4 {[%clk 0:00:05]} 61. Kc3
{[%clk 0:00:07]} Kf6 {[%clk 0:00:06]} 62. Kb4 {[%clk 0:00:06]} e5
{[%clk 0:00:05]} 63. Re1 {[%clk 0:00:07]} e4 {[%clk 0:00:05]} 64. Nd2
{[%clk 0:00:08]} Kf5 {[%clk 0:00:06]} 65. Kc3 {[%clk 0:00:08]} Rf3+
{[%clk 0:00:06]} 66. Nc4 {[%clk 0:00:08]} Kf4+ {[%clk 0:00:07]} 67. Kc2
{[%clk 0:00:09]} Rf2+ {[%clk 0:00:07]} 68. Nd2 {[%clk 0:00:09]} b6
{[%clk 0:00:06]} 69. Kd1 {[%clk 0:00:05]} e3 {[%clk 0:00:07]} 70. Nf1
{[%clk 0:00:06]} e2+ {[%clk 0:00:04]} 71. Rxe2 {[%clk 0:00:06]} Bf3
{[%clk 0:00:06]} 72. Ke1 {[%clk 0:00:06]} Rxe2+ {[%clk 0:00:06]} 73. Kd1
{[%clk 0:00:06]} Re4+ {[%clk 0:00:07]} 74. Kd2 {[%clk 0:00:07]} Rb4
{[%clk 0:00:08]} 75. Nh2 {[%clk 0:00:08]} 0-1

[Event "Team Championship Russia (Blitz, Men)"]
[Site "Sochi"]
[Date "2018.10.10"]
[Round "14.34"]
[White "Dulenko, Maxim"]
[Black "Dilmukhametov, Artur"]
[Result "1/2-1/2"]
[BlackElo "2375"]
[WhiteElo "2237"]
[LiveChessVersion "1.4.8"]

1. e4 {[%clk 0:03:03]} e6 {[%clk 0:03:03]} 2. d4 {[%clk 0:03:03]} d5
{[%clk 0:03:04]} 3. e5 {[%clk 0:03:04]} c5 {[%clk 0:03:05]} 4. c3
{[%clk 0:03:06]} Qb6 {[%clk 0:03:05]} 5. Nf3 {[%clk 0:03:07]} Nc6
{[%clk 0:03:05]} 6. a3 {[%clk 0:03:08]} Nh6 {[%clk 0:03:05]} 7. b4
{[%clk 0:03:04]} cxd4 {[%clk 0:03:05]} 8. cxd4 {[%clk 0:03:05]} Nf5
{[%clk 0:03:06]} 9. Be3 {[%clk 0:03:06]} f6 {[%clk 0:02:53]} 10. exf6
{[%clk 0:03:03]} gxf6 {[%clk 0:02:54]} 11. Nc3 {[%clk 0:03:01]} Nxe3
{[%clk 0:02:39]} 12. fxe3 {[%clk 0:03:02]} Bd7 {[%clk 0:02:24]} 13. Rc1
{[%clk 0:02:57]} Bh6 {[%clk 0:02:04]} 14. Qd2 {[%clk 0:02:20]} Ne7
{[%clk 0:02:00]} 15. Bd3 {[%clk 0:02:17]} O-O {[%clk 0:01:56]} 16. O-O
{[%clk 0:02:13]} Kh8 {[%clk 0:01:56]} 17. Qe2 {[%clk 0:02:10]} Be8
{[%clk 0:01:35]} 18. Kh1 {[%clk 0:02:10]} Bh5 {[%clk 0:01:35]} 19. Na4
{[%clk 0:02:07]} Qd6 {[%clk 0:01:36]} 20. Rce1 {[%clk 0:01:49]} Ng6
{[%clk 0:01:15]} 21. Qf2 {[%clk 0:01:40]} e5 {[%clk 0:01:01]} 22. dxe5
{[%clk 0:01:34]} fxe5 {[%clk 0:01:01]} 23. Qg3 {[%clk 0:01:30]} Qe7
{[%clk 0:00:32]} 24. Bxg6 {[%clk 0:01:11]} Bxg6 {[%clk 0:00:33]} 25. Nxe5
{[%clk 0:01:07]} Be4 {[%clk 0:00:29]} 26. Nc5 {[%clk 0:01:01]} Bg7
{[%clk 0:00:30]} 27. Ng4 {[%clk 0:00:38]} Bc3 {[%clk 0:00:30]} 28. Rxf8+
{[%clk 0:00:33]} Rxf8 {[%clk 0:00:31]} 29. Rg1 {[%clk 0:00:25]} Bg6
{[%clk 0:00:21]} 30. h3 {[%clk 0:00:23]} Rg8 {[%clk 0:00:23]} 31. e4
{[%clk 0:00:22]} d4 {[%clk 0:00:22]} 32. Rf1 {[%clk 0:00:16]} b6 {[%clk 0:00:23]}
33. Nd3 {[%clk 0:00:14]} Bxe4 {[%clk 0:00:24]} 34. Kh2 {[%clk 0:00:12]} Qe6
{[%clk 0:00:23]} 35. Rd1 {[%clk 0:00:12]} Bc6 {[%clk 0:00:18]} 36. Nf4
{[%clk 0:00:13]} Qe7 {[%clk 0:00:19]} 37. Nd3 {[%clk 0:00:13]} Bd7
{[%clk 0:00:19]} 38. Rf1 {[%clk 0:00:13]} Bxg4 {[%clk 0:00:20]} 39. hxg4
{[%clk 0:00:14]} Qg7 {[%clk 0:00:21]} 40. Rf4 {[%clk 0:00:15]} Bd2
{[%clk 0:00:19]} 41. Re4 {[%clk 0:00:17]} Bg5 {[%clk 0:00:19]} 42. Re5
{[%clk 0:00:17]} Bd8 {[%clk 0:00:20]} 43. Nf4 {[%clk 0:00:17]} Bc7
{[%clk 0:00:20]} 44. Re4 {[%clk 0:00:16]} d3 {[%clk 0:00:16]} 45. Qxd3 Qh6+ 46.
Kg3 {[%clk 0:00:18]} Rf8 {[%clk 0:00:17]} 47. Qc3+ {[%clk 0:00:19]} Qg7
{[%clk 0:00:17]} 48. Qxg7+ {[%clk 0:00:20]} Kxg7 {[%clk 0:00:18]} 49. Re7+
{[%clk 0:00:21]} Rf7 {[%clk 0:00:19]} 50. Rxf7+ Kxf7 {[%clk 0:00:20]} 51. Kf3
{[%clk 0:00:23]} Be5 {[%clk 0:00:20]} 52. b5 {[%clk 0:00:23]} Bd6
{[%clk 0:00:16]} 53. a4 {[%clk 0:00:24]} Kf6 {[%clk 0:00:17]} 54. Nd3
{[%clk 0:00:23]} Kg5 {[%clk 0:00:18]} 55. Nf2 {[%clk 0:00:24]} Be5
{[%clk 0:00:18]} 56. Ne4+ {[%clk 0:00:25]} Kg6 {[%clk 0:00:20]} 57. g5
{[%clk 0:00:25]} Kf5 {[%clk 0:00:21]} 58. g4+ {[%clk 0:00:26]} Ke6
{[%clk 0:00:22]} 59. Ke3 Kd5 60. Kd4+ 1/2-1/2

[Event "Team Championship Russia (Blitz, Men)"]
[Site "Sochi"]
[Date "2018.10.10"]
[Round "15.16"]
[White "Gutenev, Alexander"]
[Black "Kozionov, Kirill"]
[Result "1/2-1/2"]
[BlackElo "2442"]
[WhiteElo "2440"]
[LiveChessVersion "1.4.8"]

1. e4 {[%clk 0:03:03]} c5 2. Nf3 d6 {[%clk 0:03:04]} 3. d4 {[%clk 0:03:06]} cxd4
{[%clk 0:03:06]} 4. Nxd4 {[%clk 0:03:07]} Nf6 {[%clk 0:03:07]} 5. Nc3
{[%clk 0:03:08]} a6 {[%clk 0:03:08]} 6. h3 {[%clk 0:03:06]} g6 {[%clk 0:03:06]}
7. g4 {[%clk 0:03:01]} Bg7 {[%clk 0:03:07]} 8. Bg2 {[%clk 0:02:55]} O-O
{[%clk 0:03:08]} 9. Be3 {[%clk 0:02:56]} Bd7 {[%clk 0:03:09]} 10. Qd2
{[%clk 0:02:53]} Nc6 {[%clk 0:03:09]} 11. g5 {[%clk 0:02:43]} Nh5
{[%clk 0:02:58]} 12. Bf3 {[%clk 0:02:25]} Ne5 {[%clk 0:02:26]} 13. Bxh5
{[%clk 0:02:24]} Nc4 {[%clk 0:02:19]} 14. Qe2 {[%clk 0:02:21]} Nxe3
{[%clk 0:02:16]} 15. Qxe3 {[%clk 0:02:15]} gxh5 {[%clk 0:02:16]} 16. Nf5
{[%clk 0:02:11]} Bxf5 {[%clk 0:02:05]} 17. exf5 {[%clk 0:02:04]} Qa5
{[%clk 0:02:05]} 18. f6 {[%clk 0:01:43]} exf6 {[%clk 0:02:02]} 19. O-O-O
{[%clk 0:01:41]} Rfe8 {[%clk 0:01:31]} 20. Qf3 {[%clk 0:01:36]} fxg5
{[%clk 0:01:21]} 21. Rd5 {[%clk 0:01:30]} Qd8 {[%clk 0:01:22]} 22. Ne4
{[%clk 0:01:13]} Re5 {[%clk 0:01:09]} 23. Nxd6 {[%clk 0:01:13]} Qf6
{[%clk 0:00:50]} 24. Qxf6 {[%clk 0:00:49]} Bxf6 {[%clk 0:00:51]} 25. Rhd1
{[%clk 0:00:47]} Rxd5 {[%clk 0:00:30]} 26. Rxd5 {[%clk 0:00:48]} Rd8
{[%clk 0:00:21]} 27. c4 {[%clk 0:00:38]} b6 {[%clk 0:00:10]} 28. b4
{[%clk 0:00:30]} Be7 {[%clk 0:00:11]} 29. Nf5 {[%clk 0:00:23]} Kf8
{[%clk 0:00:10]} 30. Nxe7 {[%clk 0:00:20]} Kxe7 {[%clk 0:00:11]} 31. Rxg5
{[%clk 0:00:21]} Rd4 {[%clk 0:00:11]} 32. c5 {[%clk 0:00:12]} Rxb4
{[%clk 0:00:08]} 33. cxb6 {[%clk 0:00:07]} Rxb6 {[%clk 0:00:05]} 34. Rxh5
{[%clk 0:00:09]} h6 {[%clk 0:00:07]} 35. Kc2 {[%clk 0:00:09]} Rf6
{[%clk 0:00:05]} 36. Kb3 {[%clk 0:00:08]} Rf3+ {[%clk 0:00:06]} 37. Kb4
{[%clk 0:00:07]} Rxf2 {[%clk 0:00:07]} 38. a4 {[%clk 0:00:03]} Rf6
{[%clk 0:00:06]} 39. a5 {[%clk 0:00:04]} Kf8 {[%clk 0:00:06]} 40. Kc5
{[%clk 0:00:05]} Kg7 {[%clk 0:00:06]} 41. Kd4 {[%clk 0:00:07]} Kg6
{[%clk 0:00:06]} 42. Rc5 {[%clk 0:00:08]} h5 {[%clk 0:00:04]} 43. Ke4
{[%clk 0:00:09]} h4 {[%clk 0:00:05]} 44. Rc4 {[%clk 0:00:09]} Kg5
{[%clk 0:00:06]} 45. Rc5+ {[%clk 0:00:10]} Kg6 {[%clk 0:00:07]} 46. Rc4
{[%clk 0:00:11]} Kh5 {[%clk 0:00:06]} 47. Rc5+ {[%clk 0:00:13]} Kh6
{[%clk 0:00:08]} 48. Rd5 {[%clk 0:00:14]} Kg6 {[%clk 0:00:05]} 49. Rc5
{[%clk 0:00:15]} Kg7 {[%clk 0:00:05]} 50. Rh5 {[%clk 0:00:13]} Rh6
{[%clk 0:00:06]} 51. Rc5 {[%clk 0:00:15]} Kf8 {[%clk 0:00:05]} 52. Kf4
{[%clk 0:00:16]} Kg7 {[%clk 0:00:04]} 53. Kg5 {[%clk 0:00:15]} Rh7
{[%clk 0:00:03]} 54. Rc7 {[%clk 0:00:14]} Rh8 {[%clk 0:00:04]} 55. Rc6
{[%clk 0:00:14]} Ra8 {[%clk 0:00:04]} 56. Kxh4 {[%clk 0:00:14]} Ra7
{[%clk 0:00:05]} 57. Kg5 {[%clk 0:00:15]} Ra8 {[%clk 0:00:05]} 58. h4
{[%clk 0:00:16]} Ra7 59. h5 Kh7 {[%clk 0:00:06]} 60. h6 {[%clk 0:00:17]} Ra8
{[%clk 0:00:06]} 61. Rc7 {[%clk 0:00:13]} Rg8+ {[%clk 0:00:06]} 62. Kf4
{[%clk 0:00:08]} Rf8 {[%clk 0:00:05]} 63. Rc6 {[%clk 0:00:08]} f6
{[%clk 0:00:05]} 64. Kf5 {[%clk 0:00:08]} Kxh6 {[%clk 0:00:05]} 65. Rxf6+
{[%clk 0:00:07]} Rxf6+ {[%clk 0:00:06]} 66. Kxf6 {[%clk 0:00:08]} Kh7
{[%clk 0:00:07]} 67. Ke6 Kg6 68. Kd6 Kf6 69. Kc6 {[%clk 0:00:11]} Ke6
{[%clk 0:00:12]} 70. Kb6 {[%clk 0:00:12]} Kd7 {[%clk 0:00:12]} 71. Kxa6
{[%clk 0:00:13]} Kc6 {[%clk 0:00:08]} 72. Ka7 {[%clk 0:00:13]} Kc7
{[%clk 0:00:09]} 73. a6 {[%clk 0:00:14]} Kc8 {[%clk 0:00:11]} 74. Ka8
{[%clk 0:00:15]} Kc7 {[%clk 0:00:14]} 75. a7 {[%clk 0:00:15]} Kc8
{[%clk 0:00:14]} 1/2-1/2